000 00557nam a2200205Ia 4500
003 OSt
005 20230511101736.0
008 210423s2010 xx 000 0 und d
020 _a9788126524167
040 _cAL
082 _a660.60581 CHRP
_223
100 _aCHRISTOU (Paul);KLEE (Harry),Ed.
_9102313
245 _aHandbook of plant biotechnology.V I.
260 _aNew Delhi
_bWiley India Pvt Ltd
_c2010
300 _axxviii,738
_bPB
365 _b9995
_cINR
440 _v1
906 _abiotechnology.V ; Handbook ; I. ; plant
942 _2ddc
_cBK
999 _c164591
_d164591